Bài học Israel : Cuộc hồi sinh vĩ đại của dân tộc thông minh nhất thế giới
Nghiên cứu vị trí địa lý, quá trình lịch sử của quốc gia Israel và dân tộc Do Thái qua các vấn đề: chính trị, xã hội, văn hoá và tôn giáo.
Guardat en:
| Autor principal: | |
|---|---|
| Format: | Llibre |
| Idioma: | Vietnamese |
| Publicat: |
H.
Hồng Đức
2021
|
| Matèries: | |
| Etiquetes: |
Afegir etiqueta
Sense etiquetes, Sigues el primer a etiquetar aquest registre!
|
| Thư viện lưu trữ: | Thư viện Trường Đại học Nam Cần Thơ |
|---|
| LEADER | 00986nam a22001937a 4500 | ||
|---|---|---|---|
| 001 | NCT_95884 | ||
| 008 | 220117b xxu||||| |||| 00| 0 vie d | ||
| 999 | |c 4765 |d 4765 | ||
| 020 | |a 9786043219968 |c 160000 | ||
| 082 | 0 | 4 | |2 23rd ed. |a 956.94 |b L250 |
| 100 | 1 | |a Nguyễn Hiến Lê | |
| 245 | 1 | 0 | |a Bài học Israel : |b Cuộc hồi sinh vĩ đại của dân tộc thông minh nhất thế giới |c Nguyễn Hiến Lê |
| 260 | |a H. |b Hồng Đức |c 2021 | ||
| 300 | |a 403 tr. |c 21cm | ||
| 520 | 3 | |a Nghiên cứu vị trí địa lý, quá trình lịch sử của quốc gia Israel và dân tộc Do Thái qua các vấn đề: chính trị, xã hội, văn hoá và tôn giáo. | |
| 653 | |a Tham khảo | ||
| 942 | |2 ddc |c BK | ||
| 952 | |0 0 |1 0 |2 ddc |4 0 |6 956_940000000000000_L250 |7 0 |9 22143 |a 000001 |b 000001 |d 2022-01-17 |o 956.94 L250 |p TK.02633 |r 2022-01-17 |v 160000.00 |w 2022-01-17 |y BK | ||
| 980 | |a Thư viện Trường Đại học Nam Cần Thơ | ||


